Quyền tác giả trong không gian ảo Sách chuyên khảo
Khái quát chung về quyền tác giả và mạng không gian ảo. Trình bày những đặc quyền và ngoại lệ của quyền tác giả như: các quyền thân nhân, quyền tài sản, bảo hộ quyền tác giả..., hợp đồng khai thác quyền tác giả, quản lý tập thể quyền tá...
Bewaard in:
| Hoofdauteur: | |
|---|---|
| Andere auteurs: | |
| Formaat: | Boek |
| Taal: | Undetermined |
| Gepubliceerd in: |
Tp. Hồ Chí Minh
Đại học Quốc gia Tp. Hồ Chí Minh
2015
|
| Onderwerpen: | |
| Online toegang: | http://lrc.tdmu.edu.vn/opac/search/detail.asp?aID=2&ID=28764 |
| Tags: |
Voeg label toe
Geen labels, Wees de eerste die dit record labelt!
|
| Thư viện lưu trữ: | Trung tâm Học liệu Trường Đại học Thủ Dầu Một |
|---|
| LEADER | 01411nam a2200229Ia 4500 | ||
|---|---|---|---|
| 001 | TDMU_28764 | ||
| 008 | 210410s9999 xx 000 0 und d | ||
| 082 | |a 657.7 | ||
| 090 | |b NG527 | ||
| 100 | |a Nguyễn, Thị Hồng Nhung | ||
| 245 | 0 | |a Quyền tác giả trong không gian ảo | |
| 245 | 0 | |b Sách chuyên khảo | |
| 245 | 0 | |c Nguyễn Thị Hồng Nhung | |
| 260 | |a Tp. Hồ Chí Minh | ||
| 260 | |b Đại học Quốc gia Tp. Hồ Chí Minh | ||
| 260 | |c 2015 | ||
| 300 | |a 122tr. | ||
| 520 | |a Khái quát chung về quyền tác giả và mạng không gian ảo. Trình bày những đặc quyền và ngoại lệ của quyền tác giả như: các quyền thân nhân, quyền tài sản, bảo hộ quyền tác giả..., hợp đồng khai thác quyền tác giả, quản lý tập thể quyền tác giả, trách nhiệm của các chủ thể liên quan đến việc khai thác tác phẩm trên internet, các biện pháp chế tài đối với hành vi vi phạm... | ||
| 650 | |a Pháp luật |x Quyền tác giả |x Truyền thông máy tính | ||
| 700 | |a Trường đại học Kinh tế - Luật. Khoa Luật | ||
| 856 | |u http://lrc.tdmu.edu.vn/opac/search/detail.asp?aID=2&ID=28764 | ||
| 980 | |a Trung tâm Học liệu Trường Đại học Thủ Dầu Một | ||